[Event "Oberliga Nord O 2122"]
[Site "Germany"]
[Date "2022.05.01"]
[Round "9.4"]
[White "Dabrowski, Grzegorz"]
[Black "Leisner, Hannes"]
[Result "1-0"]
[WhiteElo "2050"]
[BlackElo "2208"]
[PlyCount "75"]
[EventDate "2021.10.31"]
[EventType "team-tourn"]
[EventRounds "9"]
[EventCountry "GER"]
[SourceTitle "EXT 2023"]
[Source "ChessBase"]
[SourceDate "2022.10.05"]
[SourceVersion "1"]
[SourceVersionDate "2022.10.05"]
[SourceQuality "1"]
[WhiteTeam "Forster"]
[BlackTeam "Greifswald"]
[WhiteTeamCountry "GER"]
[BlackTeamCountry "GER"]

1. e4 c5 2. Nf3 e6 3. Nc3 a6 4. d4 cxd4 5. Nxd4 Qc7 6. Bd3 Nc6 7. Be3 Nf6 8. 0-0 b5 9. Kh1 Bb7 10. Qe2 Be7 11. f4 b4 12. Nd1 d6 13. c3 0-0 14. Rc1 Nxd4 15. cxd4 Qa5 16. Nf2 Rfc8 17. Bd2 Qb6 18. e5 Nd7 19. Be3 Qa5 20. Ra1 Nf8 21. Ne4 Qd5 22. Rf3 Ng6 23. Rh3 Rc7 24. Qh5 Bh4 25. Rxh4 Nxh4 26. Qxh4 f5 27. exf6 Rf8 28. fxg7 Rxg7 29. Rg1 Qf5 30. Nc5 Qf7 31. Nxb7 Qxb7 32. Qh3 Re8 33. b3 a5 34. f5 exf5 35. Bxf5 Qe7 36. Bh6 Rf7 37. d5 Kh8 38. Be6 1-0

[Event "Oberliga Nord O 2122"]
[Site "Germany"]
[Date "2021.12.12"]
[Round "3.3"]
[White "Dabrowski, Grzegorz"]
[Black "Foerster, Jonas"]
[Result "1-0"]
[WhiteElo "2026"]
[BlackElo "2287"]
[PlyCount "75"]
[EventDate "2021.10.31"]
[EventType "team-tourn"]
[EventRounds "9"]
[EventCountry "GER"]
[SourceTitle "EXT 2023"]
[Source "ChessBase"]
[SourceDate "2022.10.05"]
[SourceVersion "1"]
[SourceVersionDate "2022.10.05"]
[SourceQuality "1"]
[WhiteTeam "Forster"]
[BlackTeam "Berlin Empor"]
[WhiteTeamCountry "GER"]
[BlackTeamCountry "GER"]

1. e4 c5 2. Nf3 d6 3. d4 cxd4 4. Nxd4 Nf6 5. Nc3 Nc6 6. Bg5 Bd7 7. Qd2 Rc8 8. f3 h6 9. Be3 a6 10. 0-0-0 b5 11. Nxc6 Bxc6 12. Kb1 e6 13. Ne2 Be7 14. Nd4 Bb7 15. g4 Nd7 16. Bd3 Ne5 17. h4 h5 18. Qg2 hxg4 19. f4 Nc4 20. Bf2 Bf6 21. Qxg4 Qc7 22. Rhe1 Nxb2 23. Kxb2 Qc3+ 24. Kb1 Rc5 25. e5 dxe5 26. fxe5 Qb4+ 27. Kc1 Bxe5 28. Rxe5 Rxe5 29. Qxg7 Qa3+ 30. Kb1 Rhh5 31. Qg8+ Qf8 32. Qg3 Bd5 33. Nb3 Bc4 34. Bd4 Rd5 35. Be4 Qd6 36. Qg8+ Ke7 37. Bxd5 Rxd5 38. Bc5 1-0

[Event "EU-ch rapid"]
[Site "Wroclaw"]
[Date "2014.12.20"]
[Round "2"]
[White "Piorun, Kacper"]
[Black "Dabrowski, Grzegorz"]
[Result "1-0"]
[WhiteElo "2517"]
[BlackElo "2094"]
[PlyCount "71"]
[EventDate "2014.12.20"]
[EventType "swiss (rapid)"]
[EventRounds "11"]
[EventCountry "POL"]
[SourceTitle "CBM 164 Extra"]
[Source "ChessBase"]
[SourceDate "2015.03.02"]
[SourceVersion "1"]
[SourceVersionDate "2015.03.02"]
[SourceQuality "1"]

1. e4 c5 2. Nf3 d6 3. d4 cxd4 4. Nxd4 Nf6 5. Nc3 a6 6. h3 e5 7. Nde2 Be7 8. g4 Be6 9. Bg2 0-0 10. 0-0 b5 11. Ng3 Nbd7 12. a4 b4 13. Nd5 Bxd5 14. exd5 Nc5 15. a5 Re8 16. Be3 Qc7 17. g5 Nfd7 18. h4 Rab8 19. b3 Rb5 20. Qg4 Rxa5 21. Qxb4 Rxa1 22. Rxa1 Rb8 23. Qg4 Bf8 24. b4 Nb7 25. Rxa6 Nd8 26. Ra7 Rb7 27. Rxb7 Qxb7 28. Qc4 g6 29. c3 f6 30. gxf6 Nxf6 31. Ne4 Be7 32. Nxf6+ Bxf6 33. Qg4 Qc7 34. c4 Kg7 35. h5 Nf7 36. c5 1-0

[Event "Guben op 17th"]
[Site "Guben"]
[Date "2014.01.02"]
[Round "1"]
[White "Kantans, Toms"]
[Black "Dabrowski, Grzegorz"]
[Result "1/2-1/2"]
[WhiteElo "2412"]
[BlackElo "2087"]
[PlyCount "117"]
[EventDate "2014.01.02"]
[EventType "swiss"]
[EventRounds "9"]
[EventCountry "GER"]
[SourceTitle "EXT 2015"]
[Source "ChessBase"]
[SourceDate "2014.11.20"]
[SourceVersion "1"]
[SourceVersionDate "2014.11.20"]
[SourceQuality "1"]

1. e4 c5 2. Nf3 d6 3. Bb5+ Bd7 4. a4 a6 5. Bxd7+ Nxd7 6. 0-0 Ngf6 7. Re1 e6 8. c3 Be7 9. Qb3 Qc7 10. d3 0-0 11. Nbd2 Rfe8 12. a5 Nb8 13. Nc4 Nc6 14. Bg5 h6 15. Bh4 Rad8 16. Bg3 Nh5 17. Nb6 Nxg3 18. hxg3 Bf6 19. Red1 Nb8 20. d4 Nd7 21. Nc4 Be7 22. d5 exd5 23. exd5 Bf8 24. Qc2 Nf6 25. b4 Re4 26. Nfd2 Re7 27. Qd3 Rde8 28. Nb3 cxb4 29. cxb4 Qd7 30. Nd4 g6 31. Qf3 Bg7 32. Rac1 Re4 33. Nb6 Qe7 34. Nc2 Ng4 35. Qd3 Re2 36. Qc4 Nxf2 37. Re1 Rxe1+ 38. Rxe1 Ne4 39. Nd4 Qd8 40. Ne6 Nd2 41. Nxd8 Rxe1+ 42. Kf2 Nxc4 43. Kxe1 Bc3+ 44. Ke2 Nxa5 45. bxa5 Bxa5 46. Nxb7 Bxb6 47. Nxd6 Kf8 48. g4 Bc7 49. Nc4 Ke7 50. Kd3 Bd6 51. Na5 Bc7 52. Nc4 a5 53. d6+ Bxd6 54. Nxa5 Kf6 55. Nc4 Bc7 56. Ke4 Kg5 57. Kf3 h5 58. gxh5 Kxh5 59. g4+ 1/2-1/2

[Event "POL-chT 69th"]
[Site "Poland"]
[Date "2013.09.01"]
[Round "6.5"]
[White "Jaracz, Pawel"]
[Black "Dabrowski, Grzegorz"]
[Result "1-0"]
[WhiteElo "2527"]
[BlackElo "2112"]
[PlyCount "67"]
[EventDate "2013.05.24"]
[EventType "team-tourn"]
[EventRounds "9"]
[EventCountry "POL"]
[SourceTitle "EXT 2014"]
[Source "ChessBase"]
[SourceDate "2013.11.20"]
[SourceVersion "1"]
[SourceVersionDate "2013.11.20"]
[SourceQuality "1"]
[WhiteTeam "Znin Baszta"]
[BlackTeam "Kozuchow Odrodzenie"]
[WhiteTeamCountry "POL"]
[BlackTeamCountry "POL"]

1. c4 e5 2. Nc3 Nf6 3. Nf3 Nc6 4. a3 d5 5. cxd5 Nxd5 6. Qc2 Be6 7. e3 a6 8. b4 Bd6 9. Bb2 0-0 10. Ne4 f6 11. Be2 Qe7 12. 0-0 Rad8 13. Rac1 Qf7 14. d4 exd4 15. Nxd4 Nxd4 16. Bxd4 Rfe8 17. Bc5 Be5 18. f4 Bd6 19. Nxd6 cxd6 20. Bd4 f5 21. Bd3 Rc8 22. Qb2 Bd7 23. Rxc8 Rxc8 24. Rf3 Kf8 25. h3 Bc6 26. Rg3 g6 27. Rf3 Qe6 28. Bc4 Qe7 29. Rf2 Ke8 30. Rd2 Qe4 31. Qb3 Nxf4 32. exf4 Qe1+ 33. Bf1 Qxd2 34. Qe6+ 1-0

[Event "POL-chT 2nd League"]
[Site "Polanica Zdroj"]
[Date "2004.09.12"]
[Round "11.62"]
[White "Babik, Tomasz"]
[Black "Dabrowski, Grzegorz"]
[Result "1-0"]
[WhiteElo "2255"]
[BlackElo "2175"]
[PlyCount "27"]
[EventDate "2004.09.04"]
[EventType "team-swiss"]
[EventRounds "11"]
[EventCountry "POL"]
[SourceTitle "EXT 2019"]
[Source "ChessBase"]
[SourceDate "2018.10.10"]
[SourceVersion "1"]
[SourceVersionDate "2018.10.10"]
[SourceQuality "1"]
[WhiteTeam "Miedzyborow Wrzos"]
[BlackTeam "Lubsko Caissa"]
[WhiteTeamCountry "POL"]
[BlackTeamCountry "POL"]

1. c4 c5 2. Nf3 Nc6 3. d4 cxd4 4. Nxd4 Nf6 5. Nc3 e6 6. g3 Qb6 7. Nb3 Ne5 8. e4 Bb4 9. Qe2 Qc6 10. Bd2 d6 11. f4 Ng6 12. Bg2 Qb6 13. e5 dxe5 14. c5 1-0

[Event "POL-chT 2nd League"]
[Site "Polanica Zdroj"]
[Date "2004.09.08"]
[Round "6"]
[White "Murawski, Eugeniusz"]
[Black "Dabrowski, Grzegorz"]
[Result "0-1"]
[WhiteElo "2017"]
[BlackElo "2175"]
[PlyCount "62"]
[EventDate "2004.09.04"]
[EventType "team-swiss"]
[EventRounds "11"]
[EventCountry "POL"]
[SourceTitle "CBM 102 Extra"]
[Source "ChessBase"]
[SourceDate "2004.11.03"]
[SourceVersion "1"]
[SourceVersionDate "2004.11.03"]
[SourceQuality "1"]
[WhiteTeam "Srem LKS Piast"]
[BlackTeam "Lubsko Caissa"]
[WhiteTeamCountry "POL"]
[BlackTeamCountry "POL"]

1. e4 c5 2. Nf3 d6 3. d4 cxd4 4. Nxd4 Nf6 5. Nc3 a6 6. a4 e5 7. Nb3 Be6 8. Be2 Be7 9. Be3 0-0 10. 0-0 Nbd7 11. f3 Rc8 12. a5 Re8 13. Nd5 Nxd5 14. exd5 Bf5 15. c4 Bg5 16. Qd2 Bxe3+ 17. Qxe3 Bg6 18. Nd2 f5 19. b4 Nf6 20. Rfe1 Nh5 21. Bf1 Nf4 22. Kh1 Bf7 23. Rac1 h5 24. g3 Ng6 25. Bh3 Qf6 26. Qd3 Ne7 27. Rg1 Rc7 28. Rce1 Rf8 29. Bf1 h4 30. Qe3 hxg3 31. hxg3 f4 0-1

[Event "POL-chT 2nd League"]
[Site "Polanica Zdroj"]
[Date "2004.09.06"]
[Round "3"]
[White "Markowski, Damian"]
[Black "Dabrowski, Grzegorz"]
[Result "1/2-1/2"]
[WhiteElo "2298"]
[BlackElo "2175"]
[PlyCount "46"]
[EventDate "2004.09.04"]
[EventType "team-swiss"]
[EventRounds "11"]
[EventCountry "POL"]
[SourceTitle "CBM 102 Extra"]
[Source "ChessBase"]
[SourceDate "2004.11.03"]
[SourceVersion "1"]
[SourceVersionDate "2004.11.03"]
[SourceQuality "1"]
[WhiteTeam "Koszalin Hetman Politechnika"]
[BlackTeam "Lubsko Caissa"]
[WhiteTeamCountry "POL"]
[BlackTeamCountry "POL"]

1. e4 c5 2. Nf3 d6 3. Bb5+ Bd7 4. a4 Nf6 5. Qe2 a6 6. Bxd7+ Nbxd7 7. 0-0 e6 8. c3 Be7 9. d4 0-0 10. Nbd2 Qc7 11. b4 cxb4 12. cxb4 Rac8 13. Ba3 Rfe8 14. Rfc1 Qb8 15. Qd3 Bf8 16. g3 h6 17. Kg2 Rxc1 18. Rxc1 Rc8 19. b5 Rxc1 20. Bxc1 Qc7 21. Ba3 Qa5 22. bxa6 Qxa6 23. Qc2 Nb6 1/2-1/2

[Event "Przelazy op-A"]
[Site "Przelazy"]
[Date "2004.??.??"]
[Round "5"]
[White "Brzeski, Maciej"]
[Black "Dabrowski, Grzegorz"]
[Result "0-1"]
[WhiteElo "2155"]
[BlackElo "2190"]
[PlyCount "78"]
[EventDate "2004.??.??"]
[EventType "swiss"]
[EventRounds "9"]
[EventCountry "POL"]
[SourceTitle "EXT 2007"]
[Source "ChessBase"]
[SourceDate "2006.11.23"]
[SourceVersion "1"]
[SourceVersionDate "2006.11.23"]
[SourceQuality "1"]

1. e4 c5 2. Ne2 d6 3. g3 g6 4. Bg2 Bg7 5. c3 Nd7 6. d4 Qc7 7. 0-0 Ngf6 8. h3 0-0 9. Be3 Rb8 10. g4 b5 11. Ng3 Nb6 12. b3 Ba6 13. Nd2 Rfd8 14. f4 cxd4 15. cxd4 Qc3 16. Bf2 Rbc8 17. Rc1 Qb2 18. Rb1 Qa3 19. Rc1 b4 20. Re1 Rxc1 21. Qxc1 Qxa2 22. Qa1 Qxd2 23. Qxa6 Nfd7 24. e5 Qxf4 25. Qxa7 dxe5 26. dxe5 Bxe5 27. Rxe5 Qxe5 28. Bxb6 Nxb6 29. Qxb6 Rd3 30. Nf1 Rxb3 31. Qd8+ Kg7 32. Qd5 Qxd5 33. Bxd5 Rxh3 34. Kf2 Rd3 35. Bc4 Rd4 36. Ne3 e5 37. Kf3 Kf6 38. g5+ Kxg5 39. Bxf7 Rf4+ 0-1

[Event "Przelazy op-A"]
[Site "Przelazy"]
[Date "2004.??.??"]
[Round "4"]
[White "Dabrowski, Grzegorz"]
[Black "Wojcieszyn, Zdzislaw"]
[Result "1-0"]
[WhiteElo "2190"]
[BlackElo "2060"]
[PlyCount "59"]
[EventDate "2004.??.??"]
[EventType "swiss"]
[EventRounds "9"]
[EventCountry "POL"]
[SourceTitle "EXT 2007"]
[Source "ChessBase"]
[SourceDate "2006.11.23"]
[SourceVersion "1"]
[SourceVersionDate "2006.11.23"]
[SourceQuality "1"]

1. e4 c5 2. Nf3 Nc6 3. d4 cxd4 4. Nxd4 Nf6 5. Nc3 e6 6. Ndb5 Bb4 7. a3 Bxc3+ 8. Nxc3 d5 9. exd5 exd5 10. Bd3 0-0 11. 0-0 h6 12. Re1 Bg4 13. f3 Be6 14. Qe2 Qd6 15. Qf2 a6 16. Qh4 Qc5+ 17. Kh1 Qd4 18. Qg3 Nh5 19. Qc7 Rab8 20. Be3 Qe5 21. Qb6 Rfc8 22. Bxh6 Qf6 23. Be3 Nf4 24. Bf1 Ng6 25. Rad1 Nge7 26. Bf2 Nd8 27. Bd4 Qh4 28. Bf2 Qh5 29. Bg3 Rc6 30. Qb4 1-0

[Event "Polanica Zdroj op-B"]
[Site "Polanica Zdroj"]
[Date "1999.??.??"]
[Round "8"]
[White "Dabrowski, Grzegorz"]
[Black "Sliwerski, Radoslaw"]
[Result "1-0"]
[WhiteElo "2173"]
[BlackElo "2104"]
[PlyCount "62"]
[EventDate "1999.??.??"]
[EventType "swiss"]
[EventRounds "10"]
[EventCountry "POL"]
[SourceTitle "EXT 2001"]
[Source "ChessBase"]
[SourceDate "2000.11.22"]
[SourceVersion "1"]
[SourceVersionDate "2000.11.22"]
[SourceQuality "1"]

1. e4 c5 2. Nf3 d6 3. d4 cxd4 4. Nxd4 Nf6 5. Nc3 a6 6. f3 e5 7. Nb3 Be7 8. Be3 Be6 9. Qd2 0-0 10. 0-0-0 b5 11. g4 Nc6 12. g5 Nh5 13. Nd5 Bxd5 14. exd5 Nd4 15. Nxd4 exd4 16. Qxd4 Bxg5 17. f4 Bf6 18. Qd2 g6 19. Rg1 b4 20. f5 Rc8 21. Kb1 a5 22. Bh3 Rc4 23. fxg6 hxg6 24. Qe2 Re4 25. Qxh5 Rxe3 26. Be6 Kg7 27. Rdf1 Re5 28. Bf5 Rfe8 29. Rxg6+ fxg6 30. Qxg6+ Kf8 31. Be4 Qc7 1-0